000 00571nam a2200181 i 4500
001 35175
003 ES-MaACL
005 20250930063042.0
007 t|
008 030212s1969 sp ||||1| spa d
100 1 _aBolívar, Simón,
_d1783-1830
_929964
245 1 0 _aEscritos políticos /
_cSimón Bolívar ; selección e introducción de Graciela Soriano.
260 _aMadrid :
_bAlianza,
_c[1969]
300 _a194 p. :
_b1 map., il. ;
_c18 cm.
700 1 _aSoriano, Graciela.
_9107378
852 _aES-MaACL
_jC-51235
_bR.69725
999 _c35175
_d35175